000 00497nam a2200193Ia 4500
005 20250425161709.0
008 250425s9999 xx 000 0 und d
041 _aspa
082 _aIBM4381
100 _aBRITO GUILLEN DE DIAZ, LOURDES
245 0 _aTRATAMIENTO TÉRMICO DE ALEACIONES BRONCE-ALUMINIO HIPOEUTECTOIDES
250 _aS.E.
260 _aEcuador
_bESPOL
_c1986
260 _aGUAYAQUIL
300 _a91
500 _aCLASIFICACIÓN: 673.336
942 _c01
010 _a26076
999 _c214275
_d214275